00628nam a2200205Ia 4500003000400000005001700004008004100021020001800062040001800080041000800098082001900106100001800125245004800143250001200191260005900203300002300262650004200285650005000327650004500377OSt20220201105500.0210716s2010 xx 000 0 und d a9789374734681 cAIMIT LIBRARY aeng a332.121bGIDI aGiddy, Ian H. aGlobal financial markets /cBy Ian H Giddy. a1st ed. aNew Delhi:bAITBS Publishers and Distributors;c2010. axix, 583p ;c25cm. aA framework for international finance aforeign exchange prediction and hedging tools aInternational banking and credit markets